| 000 | 00941cab a2200253 4500 | ||
|---|---|---|---|
| 001 | ABS56265 | ||
| 008 | 090401t1996 xxu||||| |||| 00| 0 eng d | ||
| 035 | _a(Sirsi) u22386 | ||
| 041 | _aeng | ||
| 245 | _aRe Kennet Properties Ltd`s application | ||
| 260 | _c1996 | ||
| 350 | _a0 | ||
| 490 |
_aEstates Gazette _v[1996] 45 EG 139-145(7) |
||
| 520 | _aLT 13 March 1996. K`s application for the modification or discharge of restrictive covenants against the erection of specified buildings on a piece of land, so that it can continue with the construction of houses for which it had already gained planning permission, is allowed. | ||
| 650 | _aCOMPENSATION | ||
| 650 | _aENTITLEMENT | ||
| 650 | _aLAW OF PROPERTY ACT 1925 S84(1) | ||
| 650 | _aPLANNING PERMISSION | ||
| 650 | _aRE KENNET PROPERTIES LTD | ||
| 650 | _aRESTRICTIVE COVENANTS | ||
| 690 | _aPLANNING LAW AND PRACTICE-CASE LAW | ||
| 942 | _n0 | ||
| 948 | _c04/03/1997 | ||
| 999 |
_c14997 _d14997 |
||